[Event "BCC op 21st"]
[Site "Hua Hin"]
[Date "2024.04.21"]
[Round "9"]
[White "Makhnev, Denis"]
[Black "Bernadskiy, Vitaliy"]
[Result "1/2-1/2"]
[WhiteElo "2516"]
[BlackElo "2561"]
[PlyCount "26"]
[EventDate "2024.04.13"]
[EventType "swiss"]
[EventRounds "9"]
[EventCountry "THA"]
[SourceTitle "CB18_2024"]
[SourceDate "2024.05.01"]
[SourceVersion "1"]
[SourceVersionDate "2024.05.01"]
[SourceQuality "2"]

1. d4 Nf6 2. c4 g6 3. Nc3 d5 4. Bg5 Ne4 5. Bf4 Nxc3 6. bxc3 Bg7 7. e3 0-0 8. Nf3 c5 9. cxd5 cxd4 10. cxd4 Qxd5 11. Be2 Nc6 12. 0-0 Bf5 13. Bg3 Rac8 1/2-1/2

[Event "BCC op 21st"]
[Site "Hua Hin"]
[Date "2024.04.20"]
[Round "8"]
[White "Bernadskiy, Vitaliy"]
[Black "Zhao, Zong Yuan"]
[Result "1-0"]
[WhiteElo "2561"]
[BlackElo "2485"]
[PlyCount "67"]
[EventDate "2024.04.13"]
[EventType "swiss"]
[EventRounds "9"]
[EventCountry "THA"]
[SourceTitle "CB18_2024"]
[SourceDate "2024.05.01"]
[SourceVersion "1"]
[SourceVersionDate "2024.05.01"]
[SourceQuality "2"]

1. e4 e6 2. d4 d5 3. Nd2 c5 4. exd5 Qxd5 5. Ngf3 cxd4 6. Bc4 Qd7 7. 0-0 Nc6 8. Nb3 Nf6 9. Qe2 a6 10. a4 Bd6 11. Rd1 Qc7 12. Nbxd4 Ne7 13. Bb5+ Bd7 14. Bxd7+ Nxd7 15. a5 e5 16. Nb3 Nf6 17. g3 h6 18. Be3 0-0 19. Bb6 Qb8 20. Nbd2 Ng6 21. Nc4 Bc7 22. Nfd2 Qc8 23. Ne4 Nd7 24. Ra3 Bxb6 25. axb6 Nf6 26. Nxf6+ gxf6 27. Rd6 Qc5 28. Rf3 Rac8 29. b3 Rc6 30. Rfxf6 Rxd6 31. Nxd6 Qxb6 32. Qc4 Ne7 33. Qg4+ Kh7 34. Ne8 1-0

[Event "BCC op 21st"]
[Site "Hua Hin"]
[Date "2024.04.18"]
[Round "6"]
[White "Bernadskiy, Vitaliy"]
[Black "Chernyavsky, Alexander"]
[Result "1-0"]
[WhiteElo "2561"]
[BlackElo "2354"]
[PlyCount "131"]
[EventDate "2024.04.13"]
[EventType "swiss"]
[EventRounds "9"]
[EventCountry "THA"]
[SourceTitle "CB18_2024"]
[SourceDate "2024.05.01"]
[SourceVersion "1"]
[SourceVersionDate "2024.05.01"]
[SourceQuality "2"]

1. Nf3 d5 2. d4 Nf6 3. c4 e6 4. Bg5 h6 5. Bh4 Bb4+ 6. Nc3 g5 7. Bg3 Ne4 8. Nd2 Nxc3 9. bxc3 Bxc3 10. Rc1 Bxd4 11. cxd5 Bb6 12. d6 cxd6 13. h4 Nc6 14. hxg5 d5 15. Rh5 Bd4 16. gxh6 f5 17. e3 Bf6 18. Rh2 Bd7 19. Bd6 Bc8 20. Qh5+ Kd7 21. Bg3 a6 22. Nb3 Ke7 23. Be2 Bd7 24. Bh4 Qf8 25. Nc5 Be8 26. Bxf6+ Qxf6 27. Qh4 Ra7 28. f4 Nd8 29. Nd3 Qxh4+ 30. Rxh4 Nc6 31. Kd2 b6 32. Ne5 Nxe5 33. fxe5 Bb5 34. g4 Bxe2 35. Kxe2 fxg4 36. Rxg4 Kd8 37. Rg6 Rah7 38. Rh1 Kd7 39. Kf3 Rf8+ 40. Rf6 Rg8 41. e4 dxe4+ 42. Kxe4 Rg4+ 43. Kf3 Rd4 44. Rg1 Re7 45. Ke3 Rd5 46. Kf4 Rd2 47. Rh1 Rh7 48. Kg5 Rg2+ 49. Kh5 Ke7 50. Rg6 Rf2 51. Rgg1 Kf8 52. Rf1 Rhf7 53. Rxf2 Rxf2 54. Kg6 Kg8 55. a4 Rf4 56. Rb1 Rxa4 57. Rxb6 Rg4+ 58. Kf6 a5 59. Rxe6 a4 60. Ra6 Rh4 61. Kg5 Re4 62. e6 a3 63. Kg6 Rg4+ 64. Kf5 Rg3 65. Ra8+ Kh7 66. e7 1-0

[Event "BCC op 21st"]
[Site "Hua Hin"]
[Date "2024.04.17"]
[Round "5"]
[White "Concio, Michael Jr"]
[Black "Bernadskiy, Vitaliy"]
[Result "0-1"]
[WhiteElo "2399"]
[BlackElo "2561"]
[PlyCount "68"]
[EventDate "2024.04.13"]
[EventType "swiss"]
[EventRounds "9"]
[EventCountry "THA"]
[SourceTitle "CB18_2024"]
[SourceDate "2024.05.01"]
[SourceVersion "1"]
[SourceVersionDate "2024.05.01"]
[SourceQuality "2"]

1. d4 Nf6 2. c4 e6 3. Nc3 Bb4 4. Bd2 0-0 5. Nf3 b6 6. e3 Bb7 7. Bd3 d6 8. Qc2 Nbd7 9. a3 Bxc3 10. bxc3 e5 11. Ng5 h6 12. Ne4 Nxe4 13. Bxe4 Bxe4 14. Qxe4 c5 15. 0-0 Rc8 16. Qd3 Re8 17. f3 Qe7 18. Rac1 e4 19. Qb1 Nb8 20. f4 Nc6 21. f5 f6 22. a4 Na5 23. Qa2 Nc6 24. Rf4 Qf7 25. Be1 d5 26. cxd5 cxd4 27. Qb1 Ne5 28. Rxe4 dxe3 29. c4 Qd7 30. Qb3 Qxf5 31. Rxe3 Ng4 32. Rf3 Qg5 33. Qb2 Rxc4 34. Qb5 Rce4 0-1

[Event "Agzamov Memorial 17th"]
[Site "Tashkent"]
[Date "2024.04.02"]
[Round "9"]
[White "Daneshvar, Bardiya"]
[Black "Bernadskiy, Vitaliy"]
[Result "1-0"]
[WhiteElo "2597"]
[BlackElo "2573"]
[PlyCount "51"]
[EventDate "2024.03.27"]
[EventType "swiss"]
[EventRounds "10"]
[EventCountry "UZB"]
[SourceTitle "CB14_2024"]
[SourceDate "2024.04.01"]
[SourceVersion "1"]
[SourceVersionDate "2024.04.01"]
[SourceQuality "1"]

1. d4 Nf6 2. c4 e6 3. Nf3 d5 4. Nc3 Bb4 5. cxd5 exd5 6. Bf4 Ne4 7. Rc1 Nc6 8. Nd2 g5 9. Be3 Bf5 10. Ndxe4 Bxe4 11. a3 Ba5 12. Bd2 Bxc3 13. Rxc3 h5 14. h4 gxh4 15. Bf4 Qf6 16. e3 Kf8 17. f3 Bg6 18. Qb3 Re8 19. Kf2 Kg7 20. Qxd5 Ne7 21. Qc5 b6 22. Qg5 Qxg5 23. Bxg5 c5 24. dxc5 f6 25. Bxh4 Nd5 26. Rc1 1-0

[Event "Agzamov Memorial 17th"]
[Site "Tashkent"]
[Date "2024.03.31"]
[Round "7"]
[White "Begmuratov, Khumoyun"]
[Black "Bernadskiy, Vitaliy"]
[Result "0-1"]
[WhiteElo "2385"]
[BlackElo "2573"]
[PlyCount "56"]
[EventDate "2024.03.27"]
[EventType "swiss"]
[EventRounds "10"]
[EventCountry "UZB"]
[SourceTitle "CB14_2024"]
[SourceDate "2024.04.01"]
[SourceVersion "1"]
[SourceVersionDate "2024.04.01"]
[SourceQuality "1"]

1. e4 c6 2. d4 d5 3. exd5 cxd5 4. Bd3 Nf6 5. h3 Nc6 6. c3 e5 7. dxe5 Nxe5 8. Qe2 Qe7 9. Bc2 Nc4 10. b3 Nd6 11. Bf4 Bd7 12. Qxe7+ Bxe7 13. Ne2 0-0 14. Nd2 Rfc8 15. 0-0-0 a5 16. Kb2 a4 17. Be5 axb3 18. axb3 Nb5 19. Bd3 Ba3+ 20. Kb1 Re8 21. f4 Nh5 22. c4 f6 23. g4 fxe5 24. gxh5 e4 25. cxb5 exd3 26. Nc3 Bc5 27. Nf3 Re3 28. Ne5 Bd4 0-1

[Event "Agzamov Memorial 17th"]
[Site "Tashkent"]
[Date "2024.03.28"]
[Round "3"]
[White "Khusenkhojaev, Muhammad"]
[Black "Bernadskiy, Vitaliy"]
[Result "1/2-1/2"]
[WhiteElo "2361"]
[BlackElo "2573"]
[PlyCount "205"]
[EventDate "2024.03.27"]
[EventType "swiss"]
[EventRounds "10"]
[EventCountry "UZB"]
[SourceTitle "CB14_2024"]
[SourceDate "2024.04.01"]
[SourceVersion "1"]
[SourceVersionDate "2024.04.01"]
[SourceQuality "1"]

1. d4 Nf6 2. c4 e6 3. Nf3 Bb4+ 4. Bd2 Be7 5. Nc3 0-0 6. Qc2 d5 7. Bg5 Nbd7 8. e3 c6 9. a3 h6 10. Bh4 a5 11. Be2 dxc4 12. Bxc4 b5 13. Be2 Bb7 14. 0-0 Rc8 15. Rfd1 Qb6 16. Ne5 Rfd8 17. Nxd7 Rxd7 18. Bxf6 gxf6 19. Ne4 Rcd8 20. Nc5 Bxc5 21. dxc5 Qc7 22. f4 Bc8 23. Qc3 Rxd1+ 24. Rxd1 Rxd1+ 25. Bxd1 e5 26. Bf3 Be6 27. Qd2 Kf8 28. g4 Qd7 29. Qxd7 Bxd7 30. b4 axb4 31. axb4 Kg7 32. Kf2 exf4 33. exf4 f5 34. g5 f6 35. gxh6+ Kxh6 36. Ke3 Kg7 37. Kd4 Kf7 38. h3 Be8 39. Be2 Ke6 40. h4 Kd7 41. h5 Bf7 42. Bd1 Ke7 43. Bf3 Kd7 44. Be2 Be8 45. Ke3 Bf7 46. Bf3 Bg8 47. Kf2 Bh7 48. Bd1 Ke7 49. Bc2 Ke6 50. Ke3 Ke7 51. Kd4 Kd7 52. Bd3 Kc7 53. Ke3 Kd7 54. Kf3 Ke7 55. Kg3 Kd7 56. Kh4 Ke6 57. Be2 Ke7 58. Bd1 Kd7 59. Bb3 Ke7 60. h6 Kd7 61. Kh5 Ke7 62. Ba2 Kf8 63. Be6 Ke7 64. Bb3 Kf8 65. Bd1 Ke7 66. Bf3 Kd7 67. Bh1 Kc7 68. Bg2 Kd7 69. Bf3 Kc7 70. Bd1 Kd7 71. Bc2 Ke7 72. Bb1 Ke8 73. Ba2 Ke7 74. Kh4 Kd7 75. Bf7 Ke7 76. Bh5 Kd7 77. Kg3 Ke7 78. Kf2 Kd7 79. Ke3 Ke7 80. Bf3 Kd7 81. Be2 Kc7 82. Kd4 Kd7 83. Bd1 Ke7 84. Bh5 Kd7 85. Be2 Kc7 86. Bd1 Kd7 87. Bb3 Ke7 88. Bd5 Kd7 89. Ba2 Ke7 90. Ke3 Kd7 91. Kf3 Ke7 92. Kg3 Kd7 93. Kh4 Ke7 94. Kh5 Kf8 95. Be6 Ke7 96. Bg8 Bxg8 97. Kg6 Bh7+ 98. Kg7 Ke6 99. Kf8 Bg6 100. Kg8 Bh7+ 101. Kg7 Ke7 102. Kxh7 Kf7 103. Kh8 1/2-1/2

[Event "Bucharest Grand Prix op"]
[Site "Bucharest"]
[Date "2024.03.24"]
[Round "7"]
[White "Bernadskiy, Vitaliy"]
[Black "Cnejev, Vladimir Alexandru"]
[Result "1-0"]
[WhiteElo "2573"]
[BlackElo "2311"]
[PlyCount "75"]
[EventDate "2024.03.23"]
[EventType "swiss (rapid)"]
[EventRounds "10"]
[EventCountry "ROU"]
[SourceTitle "CB13_2024"]
[SourceDate "2024.03.27"]
[SourceVersion "1"]
[SourceVersionDate "2024.03.27"]
[SourceQuality "1"]

1. e4 e5 2. Nf3 Nc6 3. Bb5 a6 4. Ba4 Nf6 5. 0-0 Be7 6. Re1 b5 7. Bb3 d6 8. c3 0-0 9. h3 Bb7 10. d4 Re8 11. Nbd2 Bf8 12. a3 g6 13. Ba2 Bg7 14. d5 Nb8 15. c4 c6 16. dxc6 Bxc6 17. b4 bxc4 18. Nxc4 Nxe4 19. Rxe4 d5 20. Bg5 Qc7 21. Rxe5 dxc4 22. Rxe8+ Bxe8 23. Rc1 c3 24. Nd4 Nc6 25. Ne2 Qe5 26. Bh4 Qh5 27. Bg3 Rd8 28. Qe1 Ne5 29. Nf4 Qf5 30. Rxc3 g5 31. Nd5 Kh8 32. Re3 Bc6 33. Rxe5 Qc2 34. Bb1 Qb3 35. Qe4 Qd1+ 36. Kh2 Qh5 37. Rxg5 Bxd5 38. Rxh5 1-0

[Event "Bucharest Grand Prix op"]
[Site "Bucharest"]
[Date "2024.03.24"]
[Round "8"]
[White "Efroimski, Marsel"]
[Black "Bernadskiy, Vitaliy"]
[Result "0-1"]
[WhiteElo "2467"]
[BlackElo "2573"]
[PlyCount "88"]
[EventDate "2024.03.23"]
[EventType "swiss (rapid)"]
[EventRounds "10"]
[EventCountry "ROU"]
[SourceTitle "CB13_2024"]
[SourceDate "2024.03.27"]
[SourceVersion "1"]
[SourceVersionDate "2024.03.27"]
[SourceQuality "1"]

1. e4 c5 2. Nf3 d6 3. Bb5+ Nd7 4. d4 cxd4 5. Qxd4 a6 6. Be2 Ngf6 7. Nc3 g6 8. 0-0 Bg7 9. Rd1 0-0 10. e5 Nh5 11. Qh4 dxe5 12. Bg5 f6 13. Bc4+ Kh8 14. Be3 Qa5 15. Nd5 e6 16. b4 Qa3 17. Nc7 e4 18. Nd2 f5 19. Nxa8 f4 20. Rab1 fxe3 21. Nxe4 Ne5 22. Rd8 Nxc4 23. Rxf8+ Bxf8 24. Qd8 Kg7 25. Qc7+ Kh6 26. Qxc4 Bd7 27. g4 Nf4 28. g5+ Kh5 29. Nf6+ Kxg5 30. Nxd7 e2 31. Qb3 Qxb3 32. axb3 Bxb4 33. Nc7 Kf5 34. f3 e1Q+ 35. Rxe1 Bxe1 36. Nc5 Ba5 37. Ne8 Bb6 38. Nd6+ Ke5 39. Ndxb7 Kd5 40. b4 a5 41. c3 Nd3 42. Kf1 Nxc5 43. bxc5 Bc7 44. Ke2 Kc6 0-1

[Event "Bucharest Grand Prix op"]
[Site "Bucharest"]
[Date "2024.03.24"]
[Round "5"]
[White "Sandu, Mihaela"]
[Black "Bernadskiy, Vitaliy"]
[Result "1/2-1/2"]
[WhiteElo "2270"]
[BlackElo "2573"]
[PlyCount "75"]
[EventDate "2024.03.23"]
[EventType "swiss (rapid)"]
[EventRounds "10"]
[EventCountry "ROU"]
[SourceTitle "CB13_2024"]
[SourceDate "2024.03.27"]
[SourceVersion "1"]
[SourceVersionDate "2024.03.27"]
[SourceQuality "1"]

1. e4 Nf6 2. e5 Nd5 3. d4 d6 4. c4 Nb6 5. exd6 exd6 6. Nc3 Be7 7. Be3 0-0 8. Nf3 Bg4 9. h3 Bh5 10. b3 f5 11. Be2 f4 12. Bc1 Nc6 13. Bb2 d5 14. c5 Nc8 15. Nxd5 b6 16. 0-0 Kh8 17. Nxe7 N8xe7 18. Ng5 Bxe2 19. Qxe2 Qd5 20. Qg4 Rf5 21. h4 h6 22. Ne6 Qxe6 23. d5 Ne5 24. Bxe5 Qxe5 25. Rae1 Qxd5 26. Rxe7 Rf7 27. Rxf7 Qxf7 28. Rd1 bxc5 29. Rd7 Qf6 30. Rxc7 Re8 31. Rxc5 Qa1+ 32. Kh2 Qxa2 33. Rc8 Rxc8 34. Qxc8+ Kh7 35. Qf5+ Kh8 36. Qf8+ Kh7 37. Qf5+ Kh8 38. Qf8+ 1/2-1/2

[Event "Bucharest Grand Prix op"]
[Site "Bucharest"]
[Date "2024.03.23"]
[Round "4"]
[White "Bernadskiy, Vitaliy"]
[Black "Vasile, Matei"]
[Result "1-0"]
[WhiteElo "2573"]
[BlackElo "1803"]
[PlyCount "60"]
[EventDate "2024.03.23"]
[EventType "swiss (rapid)"]
[EventRounds "10"]
[EventCountry "ROU"]
[SourceTitle "CB13_2024"]
[SourceDate "2024.03.27"]
[SourceVersion "1"]
[SourceVersionDate "2024.03.27"]
[SourceQuality "1"]

1. e4 c5 2. Nf3 Nc6 3. Bb5 g6 4. 0-0 Bg7 5. Re1 Nf6 6. c3 0-0 7. h3 Ne8 8. d4 cxd4 9. cxd4 Nc7 10. Bf1 d6 11. Nc3 Bd7 12. Bg5 Re8 13. Qd2 Ne6 14. Be3 Nb4 15. d5 Nc5 16. e5 Qc7 17. Nb5 Qb6 18. Qxb4 a6 19. Qh4 Bxb5 20. b4 dxe5 21. bxc5 Qd8 22. Rad1 Bxf1 23. Kxf1 Qa5 24. Kg1 Qxa2 25. d6 exd6 26. cxd6 Red8 27. d7 f6 28. Bb6 Qb3 29. Bxd8 Rxd8 30. Nxe5 Qa4 1-0

[Event "Titled Tuesday intern op 13th Feb Late"]
[Site "Chess.com INT"]
[Date "2024.02.13"]
[Round "10"]
[White "Bernadskiy, Vitaliy"]
[Black "Bluebaum, Matthias"]
[Result "0-1"]
[WhiteElo "2572"]
[BlackElo "2658"]
[PlyCount "82"]
[EventDate "2024.02.13"]
[EventType "swiss (blitz)"]
[EventRounds "11"]
[EventCountry "USA"]
[SourceTitle "CB08_2024"]
[SourceDate "2024.02.21"]
[SourceVersion "1"]
[SourceVersionDate "2024.02.21"]
[SourceQuality "1"]

1. g3 d5 2. Bg2 e6 3. d3 Nf6 4. e4 dxe4 5. dxe4 Qxd1+ 6. Kxd1 Bc5 7. f3 e5 8. Ne2 0-0 9. Nd2 a5 10. Nc4 Rd8+ 11. Ke1 Nc6 12. Be3 Bxe3 13. Nxe3 b6 14. Kf2 Ba6 15. Bf1 Rd2 16. Ke1 Rad8 17. a3 R2d7 18. Rd1 Rxd1+ 19. Nxd1 g6 20. Ne3 Kg7 21. Nc3 Bxf1 22. Rxf1 Nd4 23. Kf2 Nxc2 24. Nc4 Rd4 25. b3 Rd3 26. Ne2 Rxb3 27. Nxe5 Nxa3 28. Rd1 Nb5 29. Nf4 Rb2+ 30. Ke3 a4 31. g4 g5 32. Nh5+ Nxh5 33. gxh5 Nd6 34. Ng4 a3 35. h6+ Kg6 36. e5 Nf5+ 37. Ke4 Rb4+ 38. Kd5 Rxg4 39. fxg4 Ne3+ 40. Ke4 Nxd1 41. e6 fxe6 0-1

[Event "Titled Tuesday intern op 13th Feb Late"]
[Site "Chess.com INT"]
[Date "2024.02.13"]
[Round "6"]
[White "Bernadskiy, Vitaliy"]
[Black "Hungaski, Robert Andrew"]
[Result "1-0"]
[WhiteElo "2572"]
[BlackElo "2471"]
[PlyCount "55"]
[EventDate "2024.02.13"]
[EventType "swiss (blitz)"]
[EventRounds "11"]
[EventCountry "USA"]
[SourceTitle "CB08_2024"]
[SourceDate "2024.02.21"]
[SourceVersion "1"]
[SourceVersionDate "2024.02.21"]
[SourceQuality "1"]

1. Nf3 g6 2. g3 Bg7 3. Bg2 d6 4. 0-0 Nf6 5. Nc3 0-0 6. e4 c5 7. d3 Nc6 8. a4 Bg4 9. h3 Bxf3 10. Bxf3 Nd7 11. Bg2 a6 12. f4 Rb8 13. f5 e6 14. h4 Nde5 15. Bg5 Qb6 16. f6 Bh8 17. Qc1 Nd4 18. Kh1 h5 19. a5 Qd8 20. Bh3 Kh7 21. Qd1 Rc8 22. Ne2 Ndf3 23. Nf4 Nxg5 24. hxg5 d5 25. exd5 exd5 26. Nxh5 gxh5 27. Qxh5+ Kg8 28. Bf5 1-0

[Event "Titled Tuesday intern op 13th Feb Late"]
[Site "Chess.com INT"]
[Date "2024.02.13"]
[Round "3"]
[White "Bernadskiy, Vitaliy"]
[Black "Manukyan, Sargis A"]
[Result "1/2-1/2"]
[WhiteElo "2572"]
[BlackElo "2216"]
[PlyCount "159"]
[EventDate "2024.02.13"]
[EventType "swiss (blitz)"]
[EventRounds "11"]
[EventCountry "USA"]
[SourceTitle "CB08_2024"]
[SourceDate "2024.02.21"]
[SourceVersion "1"]
[SourceVersionDate "2024.02.21"]
[SourceQuality "1"]

1. e3 d5 2. b3 Nf6 3. Bb2 e6 4. Be2 Be7 5. g4 h6 6. h4 c5 7. d3 Nc6 8. Nd2 b5 9. a4 bxa4 10. Rxa4 Bd7 11. Rh3 Nb4 12. Ra1 g6 13. f4 Rh7 14. g5 hxg5 15. hxg5 Rxh3 16. Nxh3 Ng8 17. Nf3 e5 18. Nfg1 exf4 19. exf4 Bd6 20. Bf3 Ne7 21. Bf6 Qc7 22. Qe2 0-0-0 23. c3 Nbc6 24. d4 cxd4 25. Qa6+ Kb8 26. Qb5+ Ka8 27. Bxd5 Re8 28. Kf1 Nxd5 29. Qxd5 Be6 30. Qf3 Bxb3 31. Bxd4 Bc4+ 32. Kg2 a6 33. Nf2 Qb7 34. Ngh3 Rd8 35. Bf6 Be7 36. Rd1 Rxd1 37. Nxd1 Bxf6 38. gxf6 Be2 39. Qd5 Nd8 40. Qxb7+ Kxb7 41. Nb2 Kb6 42. Ng5 Kb5 43. Kf2 Bc4 44. Ke3 Kc5 45. Ne4+ Kd5 46. Nd2 Bb5 47. c4+ Ke6 48. cxb5 axb5 49. Ne4 Nc6 50. Nd3 b4 51. Ndc5+ Kd5 52. Nb3 Kc4 53. Nbd2+ Kd5 54. Ng5 Nd8 55. Kd3 Kd6 56. Kd4 Ne6+ 57. Nxe6 Kxe6 58. Ne4 Kf5 59. Ke3 b3 60. Kf3 b2 61. Nd2 Kxf6 62. Ke4 Ke6 63. Kd3 f6 64. Kc2 Kf5 65. Kxb2 Kxf4 66. Kc2 Ke3 67. Kd1 g5 68. Ke1 g4 69. Nc4+ Kf3 70. Kf1 g3 71. Nd2+ Ke3 72. Nc4+ Kd4 73. Nd6 Ke5 74. Nf7+ Kf4 75. Kg2 Kg4 76. Nd6 Kf4 77. Nf7 f5 78. Nd6 Kg4 79. Nxf5 Kxf5 80. Kxg3 1/2-1/2

[Event "Titled Tuesday intern op 13th Feb Late"]
[Site "Chess.com INT"]
[Date "2024.02.13"]
[Round "4"]
[White "Bernadskiy, Vitaliy"]
[Black "Zou, Chen"]
[Result "1/2-1/2"]
[WhiteElo "2572"]
[BlackElo "2449"]
[PlyCount "166"]
[EventDate "2024.02.13"]
[EventType "swiss (blitz)"]
[EventRounds "11"]
[EventCountry "USA"]
[SourceTitle "CB08_2024"]
[SourceDate "2024.02.21"]
[SourceVersion "1"]
[SourceVersionDate "2024.02.21"]
[SourceQuality "1"]

1. e3 Nf6 2. g4 h6 3. Bg2 d5 4. h3 c5 5. f4 Nc6 6. Nf3 g6 7. b3 Bg7 8. Bb2 b6 9. Ne5 Bb7 10. Nxc6 Bxc6 11. Be5 e6 12. d3 Qe7 13. Nd2 Bb7 14. 0-0 0-0 15. Nf3 Nd7 16. Bxg7 Kxg7 17. Qd2 e5 18. fxe5 Nxe5 19. Nxe5 Qxe5 20. d4 Qe7 21. Rf3 Rae8 22. Raf1 f6 23. c3 Qe6 24. R1f2 Bc6 25. Qd3 c4 26. Qd1 cxb3 27. Qxb3 Qd6 28. Bf1 Re6 29. Qc2 Rfe8 30. Bd3 Rxe3 31. Bxg6 Rxf3 32. Rxf3 Re1+ 33. Kg2 Bb5 34. Bd3 Bxd3 35. Qxd3 Qe7 36. Qf5 Qe2+ 37. Kg3 Rg1+ 38. Kh4 Qe1+ 39. Kh5 Qe8+ 40. Kh4 Qe1+ 41. Rf2 Rg2 42. Qxf6+ Kg8 43. Qf7+ Kh8 44. Qf8+ Kh7 45. Qf5+ Kh8 46. Qc8+ Kh7 47. Qd7+ Kh8 48. Qd8+ Kh7 49. Qc7+ Kh8 50. Qb8+ Kh7 51. Qxa7+ Kh8 52. Qa8+ Kh7 53. Qb7+ Kh8 54. Qc8+ Kh7 55. Qf5+ Kh8 56. Qf6+ Kh7 57. Kh5 Qxf2 58. Qxh6+ Kg8 59. Qg6+ Kf8 60. Qd6+ Ke8 61. Qb8+ Ke7 62. Qc7+ Ke8 63. Qc8+ Kf7 64. Qd7+ Kf8 65. Qd8+ Kf7 66. Qxd5+ Ke7 67. Qb7+ Ke6 68. Qxb6+ Kd5 69. Qc5+ Ke4 70. Qe5+ Kd3 71. Qf5+ Kxc3 72. Qxf2 Rxf2 73. d5 Rxa2 74. d6 Rd2 75. g5 Rxd6 76. g6 Rd3 77. h4 Rg3 78. Kh6 Kd4 79. g7 Ke5 80. Kh7 Kf6 81. g8Q Rxg8 82. Kxg8 Kg6 83. h5+ Kxh5 1/2-1/2

[Event "Titled Tuesday intern op 06th Feb Early"]
[Site "Chess.com INT"]
[Date "2024.02.06"]
[Round "1"]
[White "Bernadskiy, Vitaliy"]
[Black "Acosta Villarroel, Lorner Justus"]
[Result "1-0"]
[WhiteElo "2572"]
[BlackElo "2168"]
[PlyCount "81"]
[EventDate "2024.02.06"]
[EventType "swiss (blitz)"]
[EventRounds "11"]
[EventCountry "USA"]
[SourceTitle "CB07_2024"]
[SourceDate "2024.02.14"]
[SourceVersion "1"]
[SourceVersionDate "2024.02.14"]
[SourceQuality "1"]

1. e4 c5 2. Nc3 Nc6 3. Nf3 e6 4. Bb5 Nge7 5. 0-0 a6 6. Bxc6 Nxc6 7. d4 cxd4 8. Nxd4 Be7 9. Nxc6 bxc6 10. e5 0-0 11. Ne4 Qc7 12. Bf4 c5 13. Qg4 Kh8 14. Rad1 Bb7 15. Rfe1 Bc6 16. Rd3 Qb7 17. Rg3 Rg8 18. Rb3 Qc8 19. Rh3 Bxe4 20. Rxe4 g5 21. Bd2 Rg7 22. Rd3 Qc6 23. Rc4 Rag8 24. Bc3 Rg6 25. Qe4 Qc7 26. Ra4 g4 27. Rxa6 f5 28. exf6 Bxf6 29. Bxf6+ Rxf6 30. Ra8 Rxa8 31. Qxa8+ Kg7 32. Qe4 h5 33. h3 d5 34. Qe2 c4 35. Rg3 Qf4 36. hxg4 h4 37. Rf3 Qc1+ 38. Kh2 Qxb2 39. Rxf6 Qxf6 40. a4 Qf4+ 41. Kh3 1-0

[Event "Titled Tuesday intern op 06th Feb Early"]
[Site "Chess.com INT"]
[Date "2024.02.06"]
[Round "6"]
[White "Bernadskiy, Vitaliy"]
[Black "Paravyan, David"]
[Result "1/2-1/2"]
[WhiteElo "2572"]
[BlackElo "2612"]
[PlyCount "60"]
[EventDate "2024.02.06"]
[EventType "swiss (blitz)"]
[EventRounds "11"]
[EventCountry "USA"]
[SourceTitle "CB07_2024"]
[SourceDate "2024.02.14"]
[SourceVersion "1"]
[SourceVersionDate "2024.02.14"]
[SourceQuality "1"]

1. d4 d5 2. c4 dxc4 3. e3 Nf6 4. Bxc4 e6 5. Nf3 c5 6. 0-0 Nc6 7. Nc3 a6 8. dxc5 Qxd1 9. Rxd1 Bxc5 10. Be2 0-0 11. a3 b5 12. b4 Be7 13. Bb2 Bb7 14. Nd2 Rfb8 15. Nb3 a5 16. Nxa5 Nxa5 17. bxa5 Bc6 18. Na2 Rxa5 19. Nb4 Bd5 20. Bxf6 Bxf6 21. Nxd5 exd5 22. Rab1 Rxa3 23. Rxb5 Rxb5 24. Bxb5 Ra1 25. Rxa1 Bxa1 26. Kf1 Kf8 27. Bc6 d4 28. exd4 Bxd4 29. Be4 g6 30. Ke2 Kg7 1/2-1/2

[Event "Chessable Play In Match D3"]
[Site "Chess.com INT"]
[Date "2024.02.01"]
[Round "1.2"]
[White "Bernadskiy, Vitaliy"]
[Black "Daneshvar, Bardiya"]
[Result "1-0"]
[WhiteElo "2572"]
[BlackElo "2597"]
[PlyCount "81"]
[EventDate "2024.02.01"]
[EventType "k.o. (rapid)"]
[EventRounds "1"]
[EventCountry "USA"]
[SourceTitle "CB06_2024"]
[SourceDate "2024.02.07"]
[SourceVersion "1"]
[SourceVersionDate "2024.02.07"]
[SourceQuality "1"]

1. e4 c5 2. Nf3 Nc6 3. Bb5 g6 4. Bxc6 bxc6 5. 0-0 Bg7 6. Re1 Qc7 7. h3 d6 8. c3 Nf6 9. d4 cxd4 10. cxd4 0-0 11. Nc3 Rb8 12. b3 c5 13. e5 dxe5 14. dxe5 Rd8 15. Qe2 Nd5 16. Nxd5 Rxd5 17. Bf4 Rb4 18. Bg3 Qc6 19. Ng5 h6 20. Ne4 Bxe5 21. Bxe5 Rxe5 22. f3 f5 23. Qb2 Qe6 24. Red1 fxe4 25. Rd8+ Kh7 26. f4 Rd4 27. Rxd4 cxd4 28. fxe5 Qd5 29. Rd1 d3 30. Qf2 a5 31. Qe3 Bf5 32. Kf2 a4 33. Rd2 axb3 34. axb3 Qf7 35. Kg1 Qxb3 36. g4 Be6 37. Qxe4 Bc4 38. Qe3 Qb1+ 39. Kh2 Qb5 40. Rf2 Qd5 41. Qf4 1-0

[Event "Chessable Play In Match D3"]
[Site "Chess.com INT"]
[Date "2024.02.01"]
[Round "1.1"]
[White "Daneshvar, Bardiya"]
[Black "Bernadskiy, Vitaliy"]
[Result "0-1"]
[WhiteElo "2597"]
[BlackElo "2572"]
[PlyCount "94"]
[EventDate "2024.02.01"]
[EventType "k.o. (rapid)"]
[EventRounds "1"]
[EventCountry "USA"]
[SourceTitle "CB06_2024"]
[SourceDate "2024.02.07"]
[SourceVersion "1"]
[SourceVersionDate "2024.02.07"]
[SourceQuality "1"]

1. d4 Nf6 2. c4 e6 3. Nf3 Bb4+ 4. Nbd2 0-0 5. a3 Be7 6. e4 d6 7. Bd3 e5 8. d5 a5 9. 0-0 Nbd7 10. Bc2 Nc5 11. b3 Bg4 12. h3 Bh5 13. Bb2 c6 14. Qe2 Qb6 15. Qe3 Bg6 16. Rfc1 Rfc8 17. Bc3 cxd5 18. cxd5 Na4 19. Qxb6 Nxb6 20. Bb1 a4 21. b4 Nc4 22. Kf1 Nxd2+ 23. Nxd2 Rc7 24. Bb2 Rxc1+ 25. Bxc1 Rc8 26. Bb2 Nh5 27. Bd3 Nf4 28. Bb5 f5 29. g3 Nxh3 30. Rc1 Rf8 31. Bd7 Bg5 32. Rc2 Bxd2 33. Rxd2 Ng5 34. exf5 Bxf5 35. Bxf5 Rxf5 36. Rc2 h5 37. Bc1 Ne4 38. Kg2 Kh7 39. f3 Nf6 40. Rc7 e4 41. fxe4 Nxe4 42. Rxb7 Rf2+ 43. Kg1 Rf3 44. Bf4 Rxa3 45. Re7 Nxg3 46. b5 Rb3 47. Ra7 Ne2+ 0-1

[Event "Chessable Play In Match D3"]
[Site "Chess.com INT"]
[Date "2024.02.01"]
[Round "1.3"]
[White "Daneshvar, Bardiya"]
[Black "Bernadskiy, Vitaliy"]
[Result "1-0"]
[WhiteElo "2597"]
[BlackElo "2572"]
[PlyCount "71"]
[EventDate "2024.02.01"]
[EventType "k.o. (rapid)"]
[EventRounds "1"]
[EventCountry "USA"]
[SourceTitle "CB06_2024"]
[SourceDate "2024.02.07"]
[SourceVersion "1"]
[SourceVersionDate "2024.02.07"]
[SourceQuality "1"]

1. Nf3 Nf6 2. c4 e6 3. g3 b6 4. Bg2 Bb7 5. d4 Bb4+ 6. Bd2 Bxd2+ 7. Qxd2 0-0 8. 0-0 d6 9. Qc2 Nbd7 10. Nc3 c5 11. Rad1 Qe7 12. d5 exd5 13. cxd5 a6 14. a4 Rfe8 15. Rfe1 Ne4 16. Nd2 Nxd2 17. Rxd2 c4 18. Rd4 Rac8 19. Bh3 Rc5 20. Bxd7 Qxd7 21. Red1 b5 22. Ne4 Rcc8 23. Ng5 g6 24. Rh4 Re5 25. Nxh7 Qe7 26. Qc1 Rxe2 27. Rf1 Re8 28. Qh6 Re1 29. Rf4 Rxf1+ 30. Kxf1 Qe2+ 31. Kg2 Bxd5+ 32. Kh3 Qe6+ 33. g4 f5 34. Ng5 Qe5 35. Qxg6+ Qg7 36. Qxe8+ 1-0